30 Oldest Football Clubs England and Wales - Statistics

General Stats
  • This quiz has been taken 43 times
  • The average score is 19 of 30
Answer Stats
Hint Answer % Correct
1878 Manchester United
97%
1880 Manchester City
89%
1878 Everton
86%
1867 Sheffield Wednesday
86%
1882 Tottenham Hotspur
86%
1874 Aston Villa
78%
1879 Sunderland
78%
1877 Wolverhampton Wanderers
78%
1880 Preston North End
75%
1874 Bolton Wanderers
72%
1875 Blackburn Rovers
69%
1879 Fulham
69%
1865 Nottingham Forest
69%
1864 Wrexham
69%
1882 Burnley
67%
1862 Notts County
67%
1875 Birmingham City
64%
1876 Middlesbrough
61%
1878 West Bromwich Albion
61%
1863 Stoke City
58%
1878 Ipswich Town
56%
1882 Queens Park Rangers
53%
1883 Bristol Rovers
50%
1876 Port Vale
44%
1881 Watford
39%
1879 Doncaster Rovers
31%
1878 Grimsby Town
31%
1871 Reading
31%
1877 Crewe Alexandra
28%
1879 Swindon Town
28%
No matching quizzes found
Score Distribution
Percent of People with Each Score
Percentile by Number Answered
Your Score History
You have not taken this quiz